000 00704 a2200229 4500
001 39018
005 20260407155649.0
008 260407a1974 arg spa d
003 AR-UNSa-BCEJYS
040 _aAR-UNSa-BCEJYS
_bspa
_cAR-UNSa-BCEJYS
080 _a347.72
_xSociedades comerciales
245 1 0 _aLey 19.550 de Sociedades Comerciales
_p(con exposición de motivos)
264 1 _aBuenos Aires :
_bDepalma
_c1974
300 _a192 p.
_c22 cm.
505 _a1. Exposición de motivos - 2. Ley 19.550. Sociedades Comerciales
041 _aspa
942 _cBK
590 _aniveau_biblio:m niveau_hierar:0
100 1 _aArgentina [Leyes, etc.]
650 _aLey 19.550
650 _a ley 19 550
999 _c2947
_d2947